Lucy Liu Movies Quiz Stats

Quiz Updated Nov 17, 2017

Challenge
Share
Tweet
Embed
Score 0/30 Timer 05:00
0 Plays Today
Year Movie Title % Correct
2000Charlie's Angels
95.6%
2004Kill Bill: Vol. 2
84.9%
2003Kill Bill: Vol. 1
83.6%
2003Charlie's Angels: Full Throttle
80.7%
2008Kung Fu Panda
61.4%
2011Kung Fu Panda 2
60.3%
2016Kung Fu Panda 3
59.2%
2006Lucky Number Slevin
23.1%
2002Ballistic: Ecks vs. Sever
22.2%
2000Shanghai Noon
21.3%
1999Payback
15.6%
2002Chicago
10%
2012The Man with the Iron Fists
6.8%
1996Jerry Maguire
6.7%
1999Play It to the Bone
5.9%
Year Movie Title % Correct
2005Domino
5.5%
2007Rise: Blood Hunter
5.4%
2007Code Name: The Cleaner
5.3%
2002Cypher
5%
1997City of Industry
4.7%
2007Watching the Detectives
4.7%
2011Detachment
4.4%
1999True Crime
4.4%
1997Gridlock'd
4.2%
2011The Trouble with Bliss
4.1%
1999Molly
4%
2001Hotel
3.9%
1999The Mating Habits of the Earthbound Human
3.5%
2008The Year of Getting to Know Us
3.3%
2011Someday This Pain Will Be Useful to You
3%

You're not logged in!

Compare scores with friends on all Sporcle quizzes.
Sign Up with Email
OR
Log In

You Might Also Like...

Show Comments

Extras

Top Quizzes Today


Score Distribution

Your Account Isn't Verified!

In order to create a playlist on Sporcle, you need to verify the email address you used during registration. Go to your Sporcle Settings to finish the process.